00678nam a22002537a 4500003000500000005001700005008004100022010001000063011001000073020001500083035001100098040000900109082001600118100002400134245007200158250001000230260003900240300003200279650004100311650001400352650001700366650002400383700001700407CHAP20220817044218.0080125d200 8 mx 05 r 00110 spa d a94792 a95764 a0130105821 a106394 cCHAP04a636.087bK41 aKellems, Richard O.10aLivestock feeds and feedingc/by Richard O. Kellems and D.C. Church a5 ed. aNew Jersey :bPrentice Hall,c2002 axiv, 654 p.bilus. ; tablas14aAlimentos y alimentacion del ganado.14aForrajes.14aGanadería.14aNutrición animal.0 aChurch, D.C.